Southville International School and Colleges
Your cart is empty.
  • Cart
  • Lists
    Public lists Eva Luna New books Lux_list list_1
    Your lists Log in to create your own lists
  • Log in to your account
  • Your cookies
  • Search history
Southville International School and Colleges
  • Advanced search
  • Recent comments
  • Most popular
  • Libraries

Log in to your account

Log in with GOOGLE


If you do not have an external account, but do have a local account, you can still log in:

  1. Home
  2. MARC view: Great expectations /
Normal view MARC view ISBD view

Great expectations / (Record no. 35011)

[ view plain ]
MARC details
000 -LEADER
fixed length control field 00637cam a22002535a 4500
001 - CONTROL NUMBER
control field 16611914
003 - CONTROL NUMBER IDENTIFIER
control field OSt
005 - DATE AND TIME OF LATEST TRANSACTION
control field 20140310184520.0
008 - FIXED-LENGTH DATA ELEMENTS--GENERAL INFORMATION
fixed length control field 110114s2011 nyu b 001 1 eng
020 ## - INTERNATIONAL STANDARD BOOK NUMBER
International Standard Book Number 0439598028
040 ## - CATALOGING SOURCE
Original cataloging agency DLC
Transcribing agency DLC
Modifying agency DLC
042 ## - AUTHENTICATION CODE
Authentication code pcc
050 ## - LIBRARY OF CONGRESS CALL NUMBER
Classification number PZ 7
Item number .L269 2003
100 1# - MAIN ENTRY--PERSONAL NAME
Personal name Lang, Thomas
9 (RLIN) 3381
245 10 - TITLE STATEMENT
Title Great expectations /
Statement of responsibility, etc Thomas Lang.
260 ## - PUBLICATION, DISTRIBUTION, ETC. (IMPRINT)
Place of publication, distribution, etc New York :
Name of publisher, distributor, etc Scholastic,
Date of publication, distribution, etc 2003.
300 ## - PHYSICAL DESCRIPTION
Extent 48 p. :
Dimensions 21 cm.
521 ## - TARGET AUDIENCE NOTE
Target audience note
526 ## - STUDY PROGRAM INFORMATION NOTE
Reading level 400
650 ## - SUBJECT ADDED ENTRY--TOPICAL TERM
Topical term or geographic name as entry element Orphans
Form subdivision Fiction
9 (RLIN) 6983
650 ## - SUBJECT ADDED ENTRY--TOPICAL TERM
Topical term or geographic name as entry element Robbers and outlaws
General subdivision Fiction
9 (RLIN) 6984
942 ## - ADDED ENTRY ELEMENTS (KOHA)
Source of classification or shelving scheme Library of Congress Classification
Koha item type
Holdings
Withdrawn status Lost status Source of classification or shelving scheme Damaged status Home library Current library Shelving location Date acquired Total Checkouts Full call number Barcode Date last seen Copy number Price effective from Koha item type
    Library of Congress Classification   Luxembourg Library Luxembourg Library Scholastic Reading Center Section 10/16/2013   PZ 7 .L269 2003 SCHO0185 04/18/2017 1 10/16/2013 Books

Great expectations /

APA

Lang T., . (2003). Great expectations. New York: Scholastic.

Chicago

Lang Thomas, . 2003. Great expectations. New York: Scholastic.

Harvard

Lang T., . (2003). Great expectations. New York: Scholastic.

MLA

Lang Thomas, . Great expectations. New York: Scholastic. 2003.

  • Place hold
  • Print
  • Cite
  • Add to your cart (remove)
  • Save record
    BIBTEX Dublin Core MARCXML MARC (non-Unicode/MARC-8) MARC (Unicode/UTF-8) MARC (Unicode/UTF-8, Standard) MODS (XML) RIS
  • More searches
    Search for this title in:
    Other Libraries (WorldCat) Other Databases (Google Scholar) Online Stores (Bookfinder.com) Open Library (openlibrary.org)

Exporting to Dublin Core...

SOUTHVILLE LIBRARY

Southville International School and Colleges Library

1281 Tropical Ave. Cor. Luxembourg St., BF Homes International, Las Pinas City

Tel. No. 8256374 / 252358 Loc. 117/146

Powered by Koha